000 01349nam a22002297a 4500
999 _c64110
_d64110
003 Ge_BSU
005 20260407124004.0
008 260407s2020 ge ||||| |||| 00| 0 geo d
020 _a9789941257957
041 _ageo
080 _a341.1/8:342 რ-28
100 _aრაფავა, მერაბ
_927267
245 _aთანამედროვე საერთაშორისო საჯარო სამართლის აქტუალური პრობლემები /
_cმერაბ რაფავა; რედაქტორი ზვიად გაბისონია; მთარგმნელი ირაკლი რაფავა.
264 _aთბილისი :
_bმერიდიანი,
_c2020.
300 _a236 გვ. ;
_b21 სმ.
500 _aწიგნის მეორე ნაწილი არის ინგლისურ ენაზე
504 _aბიბლიოგრ. ტექტსების ბოლოს
653 _aთანამედროვე საერთაშორისო სამართალი
700 _aგაბისონია, ზვიად
_eრედაქტორი
_98189
700 _aრაფავა, ირაკლი
_eმთარგმნელი
_927268
942 _2udc
_cᲬᲘᲒᲜᲘ